Jednodetnosť - nový fenomén v reprodukčných dráhach žien na Slovensku?

Jednodetnosť bola na Slovensku dlhodobo marginálnym reprodukčným vzorcom. Transformácia reprodukčného správania však naznačuje, že tento model sa stáva čoraz dôležitejším a bude mať veľký význam pre budúci charakter rodín a domácností. Analýza vývoja jednodetnosti na Slovensku, náčrt jeho možného vý...

Ausführliche Beschreibung

Gespeichert in:
Bibliographische Detailangaben
1. Verfasser: Šprocha, Branislav
Format: Buchkapitel
Sprache:Slowakisch
Schlagworte:
Tags: Tag hinzufügen
Keine Tags, Fügen Sie das erste Tag hinzu!

MARC

LEADER 00000naa a2200000 4500
001 0250270
005 20220728114529.1
041 0 |a slo 
044 |a SK 
245 1 0 |a Jednodetnosť - nový fenomén v reprodukčných dráhach žien na Slovensku?  |c Branislav Šprocha 
520 |a Jednodetnosť bola na Slovensku dlhodobo marginálnym reprodukčným vzorcom. Transformácia reprodukčného správania však naznačuje, že tento model sa stáva čoraz dôležitejším a bude mať veľký význam pre budúci charakter rodín a domácností. Analýza vývoja jednodetnosti na Slovensku, náčrt jeho možného vývoja v najmladších generáciách. Postavenie Slovenska v medzinárodnom porovnaní. Skupiny žien, ktoré sa stávali matkami jedného dieťaťa častejšie. 
610 2 0 |a Slovensko 
610 2 0 |a rodina 
610 2 0 |a ženy 
610 2 0 |a deti 
610 2 0 |a reprodukcia obyvateľstva 
610 2 0 |a vývoj populačný 
610 2 0 |a výskum štatistický 
100 1 |a Šprocha, Branislav